[Event "2019 Tom Weston Open Major"]
[Site "Cardiff"]
[Date "2019.04.19"]
[Round "1.10"]
[White "Blackmore, Simon"]
[Black "Harding, Gareth"]
[Result "1/2-1/2"]
[WhiteElo "1738"]
[BlackElo "1557"]
[PlyCount "63"]
[EventDate "2019.04.19"]
[EventType "swiss"]
[EventRounds "7"]
[EventCountry "WLS"]

{[%evp 0,63,27,13,49,58,32,36,36,33,31,-22,-2,-43,39,-12,37,-4,-5,-13,-26,-26,
20,25,24,22,24,35,33,28,31,38,37,30,46,46,31,0,1,-69,-7,-16,-6,-14,-22,-22,-22,
-45,-27,-48,1,17,19,13,11,12,5,10,68,59,67,50,57,63,96,59]} 1. e4 {[%emt 0:01:
03]} e6 {[%emt 0:00:46]} 2. Nf3 {[%emt 0:00:09]} d5 {[%emt 0:00:27]} 3. exd5 {
[%emt 0:00:14]} exd5 {[%emt 0:00:14]} 4. d4 {[%emt 0:00:08]} Bd6 {[%emt 0:01:
32]} 5. c3 {[%emt 0:02:04]} Nf6 {[%emt 0:02:43]} 6. Bd3 {[%emt 0:02:05]} c6 {
[%emt 0:03:10]} 7. Bg5 {[%emt 0:04:48]} h6 {[%emt 0:00:39]} 8. Bh4 {[%emt 0:00:
37]} Qe7+ {[%emt 0:03:27]} 9. Qe2 {[%emt 0:02:42]} Qxe2+ {[%emt 0:00:26]} 10.
Kxe2 {[%emt 0:00:32]} Bg4 {[%emt 0:03:45]} 11. Bxf6 {[%emt 0:03:42]} gxf6 {
[%emt 0:00:11]} 12. h3 {[%emt 0:02:51]} Be6 {[%emt 0:01:06]} 13. Nbd2 {[%emt 0:
00:57]} Nd7 {[%emt 0:04:30]} 14. Nf1 {[%emt 0:06:51]} Rg8 {[%emt 0:01:27]} 15.
Ne3 {[%emt 0:00:54]} O-O-O {[%emt 0:01:36]} 16. Nh4 {[%emt 0:03:56]} Rde8 {
[%emt 0:03:48]} 17. Rae1 {[%emt 0:04:34]} c5 {[%emt 0:02:35]} 18. dxc5 {
[%emt 0:05:51]} Bxc5 {[%emt 0:03:36]} 19. Kd2 {[%emt 0:03:06]} d4 {[%emt 0:04:
44]} 20. cxd4 {[%emt 0:00:51]} Bb4+ {[%emt 0:00:33]} 21. Kc2 {[%emt 0:01:36]}
Bxe1 {[%emt 0:01:02]} 22. Rxe1 {[%emt 0:00:04]} Nb6 {[%emt 0:03:11]} 23. Kd2 {
[%emt 0:02:31]} Bxa2 {[%emt 0:01:43]} 24. Ra1 {[%emt 0:00:38]} Bd5 {[%emt 0:07:
28]} 25. Rxa7 {[%emt 0:01:10]} Kc7 {[%emt 0:02:06]} 26. Ra5 {[%emt 0:02:18]}
Be4 {[%emt 0:04:56]} 27. Rc5+ {[%emt 0:05:27]} Kb8 {[%emt 0:02:52]} 28. Nhf5 {
[%emt 0:02:06]} Bxd3 {[%emt 0:02:12]} 29. Kxd3 {[%emt 0:00:36]} Rg6 {[%emt 0:
05:06]} 30. Rb5 {[%emt 0:01:03]} Kc7 {[%emt 0:02:06]} 31. Rc5+ {[%emt 0:01:22]}
Kb8 {[%emt 0:02:09]} 32. Rb5 {[%emt 0:00:16]} 1/2-1/2

[Event "2019 Tom Weston Open Major"]
[Site "Cardiff"]
[Date "2019.04.19"]
[Round "1.11"]
[White "Mcintosh, Rachel"]
[Black "Thomas, Roy"]
[Result "1-0"]
[WhiteElo "1502"]
[BlackElo "1737"]
[PlyCount "71"]
[EventDate "2019.04.19"]
[EventType "swiss"]
[EventRounds "7"]
[EventCountry "WLS"]

{[%evp 0,71,27,13,46,53,50,34,42,30,26,10,30,35,38,16,29,9,13,-6,41,69,65,54,
54,-16,89,35,43,18,84,68,66,58,71,84,112,110,124,156,359,244,283,168,400,405,
414,383,404,328,345,325,324,356,374,343,351,296,296,290,342,355,360,378,393,
342,449,476,470,387,387,354,1397,1412]} 1. e4 {[%emt 0:00:07]} c5 {[%emt 0:00:
22]} 2. Nc3 Nc6 {[%emt 0:00:28]} 3. f4 {[%emt 0:00:54]} d6 4. Bc4 {[%emt 0:01:
33]} Nf6 {[%emt 0:03:02]} 5. d3 {[%emt 0:01:36]} g6 {[%emt 0:01:55]} 6. h3 {
[%emt 0:03:20]} Bg7 {[%emt 0:00:11]} 7. Nf3 {[%emt 0:00:34]} O-O {[%emt 0:02:
29]} 8. O-O {[%emt 0:01:01]} e6 {[%emt 0:07:41]} 9. Qe1 {[%emt 0:04:09]} Nb4 {
[%emt 0:07:10]} 10. Bb3 {[%emt 0:02:48]} d5 {[%emt 0:07:40]} 11. a3 {[%emt 0:
06:27]} Nc6 {[%emt 0:05:30]} 12. f5 {[%emt 0:04:06]} exf5 {[%emt 0:11:46]} 13.
Nxd5 {[%emt 0:06:49]} Nxd5 {[%emt 0:08:22]} 14. Bxd5 {[%emt 0:01:57]} Qf6 {
[%emt 0:06:10]} 15. c3 {[%emt 0:06:07]} Bd7 {[%emt 0:01:38]} 16. Bg5 {[%emt 0:
06:43]} Qd6 {[%emt 0:00:14]} 17. Qh4 {[%emt 0:02:44]} h5 {[%emt 0:12:39]} 18.
Bf4 {[%emt 0:06:54]} Qf6 {[%emt 0:01:10]} 19. Qg3 {[%emt 0:03:36]} Qd8 {
[%emt 0:00:38]} 20. Bd6 {[%emt 0:03:36]} Ne7 {[%emt 0:03:15]} 21. Bxb7 {
[%emt 0:05:35]} Rc8 {[%emt 0:00:01]} 22. Bxc8 {[%emt 0:00:49]} Bxc8 {[%emt 0:
00:01]} 23. Bxc5 {[%emt 0:03:20]} Re8 {[%emt 0:01:22]} 24. Rfd1 {[%emt 0:02:24]
} Qa5 {[%emt 0:05:37]} 25. Qf2 {[%emt 0:04:28]} Nc6 {[%emt 0:00:52]} 26. exf5 {
[%emt 0:02:29]} Bxf5 {[%emt 0:00:22]} 27. b4 {[%emt 0:02:14]} Qc7 {[%emt 0:00:
22]} 28. Nd4 {[%emt 0:01:10]} Nxd4 {[%emt 0:03:35]} 29. Bxd4 {[%emt 0:01:02]}
Bh6 {[%emt 0:00:11]} 30. Re1 {[%emt 0:02:28]} Rd8 {[%emt 0:00:53]} 31. Rad1 {
[%emt 0:01:41]} Bf4 {[%emt 0:00:23]} 32. Re2 {[%emt 0:01:21]} Be6 {[%emt 0:03:
16]} 33. Rf1 {[%emt 0:02:54]} g5 {[%emt 0:00:15]} 34. Kh1 {[%emt 0:01:28]} Qc6
{[%emt 0:01:55]} 35. Qf3 {[%emt 0:01:53]} Bg4 {[%emt 0:01:26]} 36. Qxc6 {
[%emt 0:01:19]} 1-0

[Event "2019 Tom Weston Open Major"]
[Site "Cardiff"]
[Date "2019.04.19"]
[Round "1.12"]
[White "Di-Vetta, Andrew"]
[Black "Sipho, Donovon"]
[Result "1-0"]
[WhiteElo "1730"]
[BlackElo "1486"]
[PlyCount "145"]
[EventDate "2019.04.19"]
[EventType "swiss"]
[EventRounds "7"]
[EventCountry "WLS"]

{[%evp 0,145,27,-16,1,-29,-35,-51,-47,-44,-40,-49,-38,-23,8,-21,-12,-37,-3,4,
19,1,20,19,4,0,43,-13,56,74,148,148,140,69,139,131,143,76,76,37,75,71,72,75,72,
98,104,109,83,97,102,87,101,84,85,68,84,22,100,56,104,102,102,77,111,95,139,46,
60,-25,-1,14,-29,-18,-37,-19,-24,-56,-82,-25,1,-7,57,37,118,113,108,81,81,86,
106,81,113,103,125,97,100,97,103,115,114,115,142,130,119,119,216,95,95,88,87,
85,80,80,86,95,97,84,100,80,94,109,113,109,112,92,119,122,155,176,213,221,229,
247,464,494,602,776,900,982,1012,1058,1129,1171,992,1284,2239,2780]} 1. c4 {
[%emt 0:00:01]} e5 {[%emt 0:00:07]} 2. Nc3 {[%emt 0:00:10]} Nc6 {[%emt 0:00:24]
} 3. g3 {[%emt 0:00:06]} Nf6 {[%emt 0:00:31]} 4. Bg2 {[%emt 0:00:08]} Bc5 {
[%emt 0:00:26]} 5. e3 {[%emt 0:00:08]} O-O {[%emt 0:00:32]} 6. Nge2 {[%emt 0:
00:17]} Re8 {[%emt 0:01:24]} 7. d3 {[%emt 0:00:22]} d6 {[%emt 0:01:15]} 8. a3 {
[%emt 0:00:32]} a6 {[%emt 0:00:19]} 9. b4 {[%emt 0:00:08]} Ba7 {[%emt 0:00:22]}
10. Qc2 {[%emt 0:00:26]} Ne7 {[%emt 0:07:51]} 11. Bb2 {[%emt 0:01:07]} c6 {
[%emt 0:01:04]} 12. O-O {[%emt 0:00:51]} d5 {[%emt 0:03:15]} 13. Na4 {[%emt 0:
04:19]} Nf5 {[%emt 0:05:23]} 14. c5 {[%emt 0:01:21]} d4 {[%emt 0:09:04]} 15. e4
{[%emt 0:00:43]} Ne7 {[%emt 0:03:33]} 16. Bc1 {[%emt 0:01:02]} Nd7 {[%emt 0:06:
05]} 17. f4 {[%emt 0:02:03]} f6 {[%emt 0:00:57]} 18. Qa2+ {[%emt 0:01:21]} Kh8
{[%emt 0:00:18]} 19. f5 {[%emt 0:00:48]} b6 {[%emt 0:00:34]} 20. cxb6 {[%emt 0:
01:27]} Bxb6 {[%emt 0:00:38]} 21. Nxb6 {[%emt 0:01:46]} Nxb6 {[%emt 0:00:59]}
22. Bd2 {[%emt 0:00:55]} Qd6 {[%emt 0:02:56]} 23. g4 {[%emt 0:01:25]} Rf8 {
[%emt 0:02:48]} 24. g5 {[%emt 0:01:53]} fxg5 {[%emt 0:01:12]} 25. Bxg5 {
[%emt 0:00:24]} Ng8 {[%emt 0:00:53]} 26. Ng3 {[%emt 0:00:33]} Nf6 {[%emt 0:00:
59]} 27. Qe2 {[%emt 0:02:13]} Bd7 {[%emt 0:08:36]} 28. Rac1 {[%emt 0:04:18]}
Be8 {[%emt 0:01:08]} 29. Bf3 {[%emt 0:01:32]} Na4 {[%emt 0:02:30]} 30. Qc2 {
[%emt 0:01:50]} Nc3 {[%emt 0:05:33]} 31. Bd2 {[%emt 0:01:32]} Rd8 {[%emt 0:00:
18]} 32. Bxc3 {[%emt 0:06:19]} dxc3 {[%emt 0:01:03]} 33. Rfd1 {[%emt 0:00:21]}
Qd4+ {[%emt 0:01:05]} 34. Qf2 {[%emt 0:00:32]} Bf7 {[%emt 0:03:39]} 35. Qxd4 {
[%emt 0:00:33]} exd4 {[%emt 0:00:05]} 36. e5 {[%emt 0:00:34]} Bd5 {[%emt 0:04:
44]} 37. Be2 {[%emt 0:01:19]} Ng8 {[%emt 0:01:49]} 38. Rf1 {[%emt 0:03:12]}
Rfe8 {[%emt 0:09:24]} 39. e6 {[%emt 0:00:46]} Nf6 {[%emt 0:01:05]} 40. Rf4 {
[%emt 0:00:53]} Bb3 {[%emt 0:00:39]} 41. Bf3 {[%emt 0:02:18]} Ba4 {[%emt 0:04:
32]} 42. Ne2 {[%emt 0:03:21]} Nd5 {[%emt 0:13:59]} 43. Rxd4 {[%emt 0:01:24]} c2
{[%emt 0:01:05]} 44. Bxd5 {[%emt 0:00:45]} Rxd5 {[%emt 0:02:46]} 45. Rxd5 {
[%emt 0:01:27]} cxd5 {[%emt 0:00:04]} 46. Nd4 {[%emt 0:01:03]} Rc8 {[%emt 0:00:
51]} 47. Kf2 {[%emt 0:00:45]} Kg8 {[%emt 0:00:07]} 48. Ke2 {[%emt 0:00:17]} Kf8
{[%emt 0:00:25]} 49. Kd2 {[%emt 0:00:08]} Ke7 {[%emt 0:00:22]} 50. Nxc2 {
[%emt 0:00:10]} Kf6 {[%emt 0:00:18]} 51. Ne3 {[%emt 0:00:40]} Rxc1 {[%emt 0:00:
27]} 52. Kxc1 {[%emt 0:00:03]} d4 {[%emt 0:01:37]} 53. Nc2 {[%emt 0:01:06]}
Kxf5 {[%emt 0:00:05]} 54. Nxd4+ {[%emt 0:00:26]} Ke5 {[%emt 0:00:05]} 55. Nf3+
{[%emt 0:00:09]} Kxe6 {[%emt 0:00:16]} 56. Kd2 {[%emt 0:01:17]} h6 {[%emt 0:02:
55]} 57. Ke3 {[%emt 0:00:30]} Kd5 {[%emt 0:00:42]} 58. Nd2 {[%emt 0:01:19]} g5
{[%emt 0:03:30]} 59. Ne4 {[%emt 0:00:11]} Bc6 {[%emt 0:06:06]} 60. Nc3+ {
[%emt 0:01:32]} Kd6 {[%emt 0:02:46]} 61. Ne4+ {[%emt 0:03:18]} Kd5 {[%emt 0:02:
29]} 62. Nc3+ {[%emt 0:01:36]} Kd6 {[%emt 0:01:16]} 63. Kd4 {[%emt 0:00:22]} g4
{[%emt 0:02:22]} 64. Ne4+ {[%emt 0:00:27]} Ke7 {[%emt 0:02:12]} 65. Ke5 {
[%emt 0:00:42]} h5 {[%emt 0:03:00]} 66. Nf6 {[%emt 0:03:18]} Be8 {[%emt 0:02:
37]} 67. Nxe8 {[%emt 0:00:10]} Kxe8 {[%emt 0:00:02]} 68. Kf5 {[%emt 0:00:06]}
Kd7 {[%emt 0:00:14]} 69. Kg5 {[%emt 0:00:04]} Kd6 {[%emt 0:00:01]} 70. Kxh5 {
[%emt 0:00:07]} Kd5 {[%emt 0:00:16]} 71. Kxg4 {[%emt 0:00:05]} Kd4 {[%emt 0:00:
09]} 72. a4 {[%emt 0:00:22]} Kxd3 {[%emt 0:00:09]} 73. b5 {[%emt 0:00:04]} 1-0

[Event "2019 Tom Weston Open Major"]
[Site "Cardiff"]
[Date "2019.04.19"]
[Round "1.13"]
[White "Mcintosh, David"]
[Black "Fox, Chris"]
[Result "1-0"]
[WhiteElo "1484"]
[BlackElo "1685"]
[PlyCount "81"]
[EventDate "2019.04.19"]
[EventType "swiss"]
[EventRounds "7"]
[EventCountry "WLS"]

{[%evp 0,81,27,27,5,-23,-10,-16,0,-31,-1,-33,8,17,11,28,22,11,-2,1,35,39,38,-4,
8,0,75,88,168,174,182,171,192,192,266,225,277,273,260,232,312,312,298,311,323,
209,203,203,191,191,210,202,238,196,193,193,193,174,158,163,166,98,166,89,110,
58,58,64,512,514,524,534,571,571,579,610,610,627,659,663,667,669,678,692]} 1.
d4 {[%emt 0:00:03]} Nf6 {[%emt 0:00:05]} 2. c4 {[%emt 0:00:18]} e6 {[%emt 0:00:
05]} 3. Nc3 {[%emt 0:00:15]} Bb4 {[%emt 0:00:07]} 4. Qc2 {[%emt 0:01:03]} c5 {
[%emt 0:00:25]} 5. e3 {[%emt 0:06:14]} cxd4 {[%emt 0:00:21]} 6. exd4 {[%emt 0:
00:19]} O-O {[%emt 0:00:21]} 7. Nf3 {[%emt 0:06:52]} d5 {[%emt 0:00:34]} 8. Bd2
{[%emt 0:07:56]} Nc6 {[%emt 0:01:02]} 9. a3 {[%emt 0:04:48]} Be7 {[%emt 0:02:
06]} 10. c5 {[%emt 0:03:40]} Bd7 {[%emt 0:01:44]} 11. b4 {[%emt 0:01:16]} Qc7 {
[%emt 0:02:23]} 12. b5 {[%emt 0:04:53]} Nd8 {[%emt 0:00:16]} 13. Bd3 {[%emt 0:
03:18]} Re8 {[%emt 0:03:48]} 14. O-O {[%emt 0:01:54]} g6 {[%emt 0:03:08]} 15.
a4 {[%emt 0:03:00]} Bf8 {[%emt 0:02:52]} 16. a5 {[%emt 0:02:13]} Qc8 {[%emt 0:
02:38]} 17. a6 {[%emt 0:02:46]} bxa6 {[%emt 0:04:20]} 18. Rxa6 {[%emt 0:00:44]}
Ne4 {[%emt 0:08:06]} 19. c6 {[%emt 0:04:13]} Bxc6 {[%emt 0:01:27]} 20. bxc6 {
[%emt 0:00:19]} Nxd2 {[%emt 0:01:48]} 21. Qxd2 {[%emt 0:04:06]} Nxc6 {[%emt 0:
00:44]} 22. Bb5 {[%emt 0:07:29]} Nb4 {[%emt 0:00:19]} 23. Ra4 {[%emt 0:02:11]}
Rd8 {[%emt 0:00:46]} 24. Rc1 {[%emt 0:02:55]} Qb8 {[%emt 0:02:23]} 25. Ne5 {
[%emt 0:02:37]} a5 {[%emt 0:02:41]} 26. Nd7 {[%emt 0:02:23]} Qd6 {[%emt 0:03:
38]} 27. Nxf8 {[%emt 0:00:45]} Rxf8 {[%emt 0:00:20]} 28. Rca1 {[%emt 0:01:03]}
Qb6 {[%emt 0:01:49]} 29. Bf1 {[%emt 0:01:56]} Rfc8 {[%emt 0:01:02]} 30. Na2 {
[%emt 0:01:37]} Rab8 {[%emt 0:02:36]} 31. Nxb4 {[%emt 0:01:16]} axb4 {[%emt 0:
00:11]} 32. Ra6 {[%emt 0:01:47]} Qc7 {[%emt 0:02:35]} 33. Ra7 {[%emt 0:01:01]}
Qc3 {[%emt 0:01:07]} 34. Qf4 {[%emt 0:02:33]} Rf8 {[%emt 0:02:41]} 35. Rc1 {
[%emt 0:00:40]} Qxc1 {[%emt 0:08:21]} 36. Qxc1 {[%emt 0:00:14]} b3 {[%emt 0:00:
05]} 37. Qb2 {[%emt 0:01:20]} Rfc8 {[%emt 0:00:34]} 38. Bd3 {[%emt 0:02:21]}
Rc6 {[%emt 0:00:33]} 39. Ra3 {[%emt 0:00:52]} Rcb6 {[%emt 0:00:09]} 40. h3 {
[%emt 0:01:16]} Rb4 {[%emt 0:01:13]} 41. Be2 {[%emt 0:00:47]} 1-0

[Event "2019 Tom Weston Open Major"]
[Site "Cardiff"]
[Date "2019.04.19"]
[Round "1.14"]
[White "Morgans, Justin"]
[Black "Mason, Edward"]
[Result "1/2-1/2"]
[WhiteElo "1660"]
[BlackElo "1319"]
[PlyCount "131"]
[EventDate "2019.04.19"]
[EventType "swiss"]
[EventRounds "7"]
[EventCountry "WLS"]

{[%evp 0,131,10,10,15,27,61,56,67,58,58,38,25,31,23,28,32,-29,-19,-19,31,36,73,
71,76,71,52,40,80,25,33,26,31,26,67,18,18,18,0,0,55,40,62,62,70,62,169,116,70,
8,67,14,41,-69,-69,-69,241,-47,21,14,10,-112,-59,-77,-57,-58,-55,-56,-64,-64,
-64,-88,-95,-102,-79,-97,-98,-94,-107,-91,-90,-85,-87,-82,-101,-82,-85,-79,-85,
-66,-36,-75,-63,-68,-66,-66,-66,-66,-66,-93,-58,-122,-117,-137,-42,-47,-55,-49,
-25,-42,-32,-30,-18,0,0,-2,64,54,28,25,95,99,94,59,227,216,216,185,188,188,188,
213,188,213]} 1. d4 d5 2. Bf4 c5 3. e3 Nc6 4. Nf3 Nf6 5. c3 cxd4 6. exd4 e6 7.
Bd3 Bd6 8. Bg5 h6 9. Bh4 Be7 10. Nbd2 Nh7 11. Bxe7 Qxe7 12. O-O O-O 13. Re1 Re8
14. Nf1 Nf6 15. Ng3 Qd6 16. Ne5 Qc7 17. Ng4 Nxg4 18. Qxg4 e5 19. Bf5 Kh8 20.
Bxc8 Raxc8 21. Nf5 Rg8 22. Qh5 Kh7 23. Re3 exd4 24. cxd4 Rce8 25. Rae1 Qf4 26.
Qf3 Qxf3 27. gxf3 Kg6 28. Nd6 Re6 29. Rxe6+ fxe6 30. Rd1 b6 31. Nb5 Rc8 32. Rc1
Ne7 33. Rxc8 Nxc8 34. Kg2 Kf5 35. Kg3 e5 36. dxe5 Kxe5 37. f4+ Ke4 38. Nc3+ Kd4
39. Kf3 Nd6 40. Ke2 a6 41. f3 b5 42. Nd1 Nf5 43. Nf2 Ne3 44. Nd3 Nc4 45. b3 Nd6
46. Kd2 Nf5 47. Nb4 Nh4 48. Nc2+ Kc5 49. Ke2 g6 50. Kf2 d4 51. a3 a5 52. Ne1 a4
53. Nd3+ Kd5 54. bxa4 bxa4 55. Nb2 Nf5 56. Nxa4 Kc4 57. Ke2 Kb3 58. Nc5+ Kc2
59. a4 Ne3 60. a5 Nd5 61. a6 Nb6 62. a7 Na8 63. h4 h5 64. Nd3 Kc3 65. Ne5 Kc2
66. Nd3 1/2-1/2

[Event "2019 Tom Weston Open Major"]
[Site "Cardiff"]
[Date "2019.04.19"]
[Round "1.15"]
[White "O`rourke, Kevin"]
[Black "Camp, Syringa Lyn"]
[Result "0-1"]
[WhiteElo "1253"]
[BlackElo "1655"]
[PlyCount "114"]
[EventDate "2019.04.19"]
[EventType "swiss"]
[EventRounds "7"]
[EventCountry "WLS"]

{[%evp 0,114,16,28,97,43,86,77,105,46,46,11,4,-11,-31,-27,-16,-54,-11,-80,-70,
-104,-102,-81,-90,-110,-109,-109,-53,-66,-25,-120,-121,-97,-79,-143,-156,-156,
-145,-156,-141,-201,-167,-229,-136,-280,-273,-279,-195,-195,-201,-201,-210,
-312,-279,-332,-159,-186,-179,-247,-247,-241,-237,-296,-176,-176,-176,-176,
-147,-153,-147,-151,-146,-180,-182,-203,-200,-209,-146,-146,-209,-259,-277,
-294,-294,-284,-293,-351,-345,-441,-507,-629,-657,-698,-706,-698,-698,-706,
-698,-698,-1174,-1404,-1120,-1747,-1076,-29983,-29984,-29991,-29992,-29993,
-29994,-29995,-29994,-29995,-29994,-29997,-29996]} 1. e4 c5 2. Nf3 d6 3. Nc3 a6
4. d3 Nc6 5. Nd5 e6 6. Ne3 Nf6 7. Bd2 Be7 8. h3 Qc7 9. Nh2 d5 10. Neg4 dxe4 11.
Nxf6+ Bxf6 12. Rb1 exd3 13. Bxd3 g6 14. O-O b5 15. b3 Bb7 16. Ng4 Bg7 17. Bh6
f5 18. Bxg7 Qxg7 19. Nh2 e5 20. Qe1 O-O 21. c4 e4 22. Be2 b4 23. f3 Qd4+ 24.
Kh1 Qe5 25. Rd1 Nd4 26. f4 Qg7 27. Rf2 Nxe2 28. Qxe2 Rad8 29. Rxd8 Rxd8 30. Nf1
Rd3 31. Kh2 Qc3 32. Rf3 Rxf3 33. gxf3 Qxf3 34. Qxf3 exf3 35. Kg3 h6 36. Ne3 Kf7
37. h4 Be4 38. Nf1 Kf6 39. Nd2 g5 40. h5 g4 41. Kf2 Bc6 42. Kg3 a5 43. Kf2 Be8
44. Kg3 Bxh5 45. Kh4 Be8 46. Kg3 Bc6 47. Kh4 Be4 48. Kg3 Bd3 49. Kf2 h5 50. Ke3
Be2 51. Kf2 h4 52. Kg1 g3 53. Kh1 h3 54. Kg1 f2+ 55. Kh1 g2+ 56. Kh2 f1=Q 57.
Kxh3 Bg4+ 0-1

[Event "2019 Tom Weston Open Major"]
[Site "Cardiff"]
[Date "2019.04.19"]
[Round "2.1"]
[White "Camp, Syringa Lyn"]
[Black "Timmins, Chris P"]
[Result "1/2-1/2"]
[WhiteElo "1655"]
[BlackElo "1888"]
[PlyCount "89"]
[EventDate "2019.04.19"]
[EventType "swiss"]
[EventRounds "7"]
[EventCountry "WLS"]
[WhiteClock "0:31:25"]
[BlackClock "0:07:42"]

1. e4 {[%emt 0:00:06]} e5 {[%emt 0:00:04]} 2. f4 {[%emt 0:00:08]} exf4 {
[%emt 0:00:13]} 3. Nf3 {[%emt 0:00:13]} d6 {[%emt 0:00:33]} 4. Bc4 {[%emt 0:01:
24]} h6 {[%emt 0:00:34]} 5. h4 {[%emt 0:02:06]} Be6 {[%emt 0:05:04]} 6. Bxe6 {
[%emt 0:02:39]} fxe6 {[%emt 0:00:03]} 7. d4 {[%emt 0:00:40]} Qf6 {[%emt 0:07:
31]} 8. Nc3 {[%emt 0:01:29]} g5 {[%emt 0:07:29]} 9. e5 {[%emt 0:11:03]} Qg7 {
[%emt 0:00:21]} 10. Qe2 {[%emt 0:16:41]} d5 {[%emt 0:16:02]} 11. Bd2 {[%emt 0:
08:27]} Nc6 {[%emt 0:01:26]} 12. O-O-O {[%emt 0:02:42]} g4 {[%emt 0:09:10]} 13.
Qb5 {[%emt 0:05:18]} O-O-O {[%emt 0:10:36]} 14. Ne1 {[%emt 0:12:05]} Nxd4 {
[%emt 0:02:16]} 15. Qa4 {[%emt 0:00:28]} Nc6 {[%emt 0:01:42]} 16. Bxf4 {
[%emt 0:02:24]} Nge7 {[%emt 0:04:08]} 17. Nd3 {[%emt 0:03:12]} Ng6 {[%emt 0:01:
08]} 18. Bg3 {[%emt 0:03:07]} h5 {[%emt 0:00:54]} 19. Rde1 {[%emt 0:06:13]} a6
{[%emt 0:03:08]} 20. b4 {[%emt 0:05:25]} Be7 {[%emt 0:04:11]} 21. b5 {[%emt 0:
03:45]} axb5 {[%emt 0:01:09]} 22. Nxb5 {[%emt 0:02:12]} Kd7 {[%emt 0:04:48]}
23. Bf2 {[%emt 0:02:31]} Ra8 {[%emt 0:04:23]} 24. Qb3 {[%emt 0:00:04]} Rhf8 {
[%emt 0:03:16]} 25. Bc5 {[%emt 0:00:59]} Rf5 {[%emt 0:01:47]} 26. Bxe7 {
[%emt 0:02:55]} Qxe7 {[%emt 0:00:56]} 27. a3 {[%emt 0:00:50]} Na5 {[%emt 0:03:
03]} 28. Qc3 {[%emt 0:01:45]} Nc4 {[%emt 0:00:26]} 29. Nb4 {[%emt 0:00:43]} Qc5
{[%emt 0:02:20]} 30. Nd4 {[%emt 0:00:17]} Rxa3 {[%emt 0:01:11]} 31. Nb3 {
[%emt 0:00:04]} Qf8 {[%emt 0:02:22]} 32. Nd3 {[%emt 0:00:19]} b6 {[%emt 0:00:
25]} 33. Nb2 {[%emt 0:00:48]} b5 {[%emt 0:00:56]} 34. Nd3 {[%emt 0:00:14]} Nf4
{[%emt 0:00:37]} 35. Ndc5+ {[%emt 0:00:40]} Kc8 {[%emt 0:00:22]} 36. g3 {
[%emt 0:00:20]} Qxc5 {[%emt 0:00:38]} 37. gxf4 {[%emt 0:00:02]} Qf8 {[%emt 0:
00:43]} 38. Qd3 {[%emt 0:00:44]} Rxf4 {[%emt 0:00:25]} 39. Rhf1 {[%emt 0:00:23]
} Rf3 {[%emt 0:00:45]} 40. Rxf3 {[%emt 0:00:26]} gxf3 {[%emt 0:01:07]} 41. Qg6
{[%emt 0:01:09]} Qf4+ {[%emt 0:02:34]} 42. Kb1 {[%emt 0:02:45]} Nd2+ {[%emt 0:
22:44]} 43. Kb2 {[%emt 0:01:00]} Nc4+ {[%emt 0:00:41]} 44. Kb1 Nd2+ 45. Kb2
1/2-1/2

[Event "2019 Tom Weston Open Major"]
[Site "Cardiff"]
[Date "2019.04.19"]
[Round "2.2"]
[White "Summers, Charles"]
[Black "Di-Vetta, Andrew"]
[Result "1-0"]
[WhiteElo "1859"]
[BlackElo "1730"]
[PlyCount "49"]
[EventDate "2019.04.19"]
[EventType "swiss"]
[EventRounds "7"]
[EventCountry "WLS"]

1. d4 {[%emt 0:00:01]} Nf6 {[%emt 0:00:07]} 2. Nc3 {[%emt 0:00:40]} d5 {
[%emt 0:00:33]} 3. e4 {[%emt 0:02:19]} dxe4 {[%emt 0:01:22]} 4. f3 {[%emt 0:00:
12]} exf3 {[%emt 0:00:41]} 5. Nxf3 {[%emt 0:00:02]} Bg4 {[%emt 0:00:37]} 6. h3
{[%emt 0:00:08]} Bxf3 {[%emt 0:02:30]} 7. Qxf3 {[%emt 0:00:03]} c6 {[%emt 0:00:
18]} 8. g4 {[%emt 0:01:54]} e6 {[%emt 0:02:52]} 9. g5 {[%emt 0:00:46]} Nd5 {
[%emt 0:00:44]} 10. Bd3 {[%emt 0:01:25]} Bb4 {[%emt 0:00:56]} 11. O-O {[%emt 0:
00:50]} Qe7 {[%emt 0:03:43]} 12. Ne4 {[%emt 0:01:55]} Nd7 {[%emt 0:01:16]} 13.
a3 {[%emt 0:02:48]} Ba5 {[%emt 0:00:58]} 14. c4 {[%emt 0:08:20]} f5 {[%emt 0:
03:12]} 15. Ng3 {[%emt 0:04:37]} Bb6 {[%emt 0:05:28]} 16. cxd5 {[%emt 0:06:55]}
Bxd4+ {[%emt 0:00:06]} 17. Kh2 {[%emt 0:01:59]} cxd5 {[%emt 0:02:54]} 18. Re1 {
[%emt 0:03:46]} Ne5 {[%emt 0:01:27]} 19. Bb5+ {[%emt 0:01:44]} Kd8 {[%emt 0:07:
07]} 20. Qf4 {[%emt 0:01:53]} Qc5 {[%emt 0:00:54]} 21. Rxe5 {[%emt 0:03:27]}
Bxe5 {[%emt 0:00:19]} 22. Qxe5 {[%emt 0:00:29]} Qf2+ {[%emt 0:00:16]} 23. Kh1 {
[%emt 0:01:05]} Qf3+ {[%emt 0:01:26]} 24. Kg1 {[%emt 0:01:49]} Qd1+ {[%emt 0:
04:33]} 25. Nf1 {[%emt 0:21:11]} 1-0